Geografía de América por letra - J - Estadísticas

Estadísticas generales
  • Esta prueba ha sido intentada 180 veces
  • La puntuación promedio es 5 de 12
Estadísticas de respuestas
Pista Respuesta % Correcto
País caribeño Jamaica
99%
Ciudad fronteriza con El Paso Ciudad {Juárez}
90%
Estado de Guadalajara Jalisco
84%
Provincia del norte de Argentina Jujuy
54%
Capital de Alaska Juneau
43%
Ciudad más extensa de los Estados Unidos contiguos (Pista: en Florida) Jacksonville
34%
Especie exótica invasora de mamalia cuya distribución en Argentina crece Jabalí
21%
Ciudad de la provincia de Buenos Aires o de Mendoza Junín
19%
Departamento de Guatemala o antiguo nombre del capital de Veracruz Jalapa
18%
Ciudad ecuatoriana importante en la historia y el comercio de los sombreros de paja toquilla Jipijapa
9%
Balneario uruguayo José Ignacio
8%
Playa famosa en la costa del Pacífico de Costa Rica Jacó
4%
No se encontraron pruebas coincidentes
Distribución de puntuación
Porcentaje de gente con cada puntuación
Porcentaje por número respondido
Historial de tus puntuaciones
No has intentado esta prueba.